Multimedia Interface Design

Αποθηκεύτηκε σε:
Λεπτομέρειες βιβλιογραφικής εγγραφής
Άλλοι συγγραφείς: Blattner, Meera M. (edtf), Dannenberg, Roger B. (Επιμελητής έκδοσης)
Μορφή: Βιβλίο
Γλώσσα:English
Δημοσίευση: Reading, Massachusetts : Addison-Wesley, c1992.
Σειρά:ACM Press frontier series
Θέματα:
Ετικέτες: Προσθήκη ετικέτας
Δεν υπάρχουν, Καταχωρήστε ετικέτα πρώτοι!

MARC

LEADER 00000cam a2200000 i 4500
001 1/50459
008 950921s1992 mau ||| | eng||
020 |a 0201549816 
035 |a 1995  |c ΔΑΡΖΕΝΤΑΣ  |l 10043882 
040 |a GR-MyUA  |b gre  |e AACR2 
041 0 |a eng 
082 0 |a 006  
245 1 0 |a Multimedia Interface Design /   |c edited by Meera M. Blattner and Roger B. Dannenberg.  
260 |a Reading, Massachusetts :   |b Addison-Wesley,   |c c1992.  
300 |a xxv, 438 σ. :   |b εικ. ;   |c 24 εκ.  
490 1 |a (ACM Press frontier series) 
504 |a Περιέχει βιβλιογραφικές αναφορές και ευρετήριο.  
650 0 0 |a Interactive multimedia. 
700 1 |a Blattner, Meera M.  |e edtf 
700 1 |a Dannenberg, Roger B.  |e edt 
830 0 |a ACM Press frontier series 
852 |a INST  |b SAMOS  |e 19950921  |h 006 MUL  |p 005300004878  |q 005300004878  |t BK  |y 0 
909 |a Σ  |b 040780